00642 2200217 4500001002100000008004100021035002000062245010200082100002000184260004500204300001200249020001800261084001800279082000800297650001600305990001900321990002100340990002100361990002100382990002100403INLIS000000000003225 ind  a0010-0724003225 aLebih Dekat dengan Lautku Volume 3bPanduan bagi Pelajar dalam Melestarikan LautcMartyn Bramwell aMartyn Bramwell aBandung :bGrafindo Media Pratama,c2007 a64 hlm. a979-758-527-1 a551.456 BRA l a551 aOseanografi aP29/CP/24/3225 aP29/CP/24/3225.5 aP29/CP/24/3225.4 aP29/CP/24/3225.3 aP29/CP/24/3225.2